| 000 | 00690nam a2200205Ia 4500 | ||
|---|---|---|---|
| 005 | 20260121110345.0 | ||
| 008 | 008 260114s9999 xx 000 0 hin d | ||
| 020 | _a9788132361329 | ||
| 037 | _aEBOOK | ||
| 040 |
_aCRL _bhin _cCRL |
||
| 041 |
_ahin _2hin |
||
| 084 | _qCRL | ||
| 100 |
_aप्रवेश खट्टर / Sushil Gill _9945185 |
||
| 245 | 0 | _aशरीर रचना एवं स्वास्थ्य ज्ञान / Sharir rachna aur swasthya gyaan | |
| 260 |
_bभाषा प्रकाशन / Bhasha Prakashan _c2021 |
||
| 856 | _uhttps://bhashaprakashan.com/product-details/379083 | ||
| 942 | _cEBOOK | ||
| 999 |
_c1536849 _d1536849 |
||